| 000 | 00537cam a2200157 4500 | ||
|---|---|---|---|
| 001 | Abs63619 | ||
| 008 | 000000n2000 000 0 eng u | ||
| 035 | _a(Sirsi) u111859 | ||
| 245 | _aBanking on client's money: IT service for surveyors | ||
| 260 | _c2000 | ||
| 490 |
_aCSM _bChartered Surveyor Monthly _v(November/December 2000, 27(1) |
||
| 520 | _aMembers can now access a PC-based clients' monies service through Natwest | ||
| 650 | _aCLIENTS MONEY | ||
| 690 | _aMANAGEMENT-BUSINESS MANAGEMENT-PROFESSIONAL PRACTICE | ||
| 942 | _n0 | ||
| 999 |
_c66662 _d66662 |
||